[Event "Titled Tue 10th Jun Early"]
[Site "chess.com INT"]
[Date "2025.06.10"]
[Round "5"]
[White "Iniyan, Pa"]
[Black "Arabidze, Meri"]
[Result "1/2-1/2"]
[WhiteTitle "GM"]
[BlackTitle "IM"]
[WhiteElo "2573"]
[BlackElo "2440"]
[WhiteFideId "25002767"]
[BlackFideId "13604040"]
[EventDate "2025.06.10"]

1. c4 e6 2. g3 Nf6 3. Bg2 d5 4. Nf3 Be7 5. O-O O-O 6. d4 dxc4 7. Qa4 a6 8. Qxc4
b5 9. Qc2 Bb7 10. Bf4 Bd6 11. Rd1 Be4 12. Qc1 Bb7 13. Nc3 Bxf4 14. gxf4 Nbd7 15.
Ne5 Bxg2 16. Kxg2 Nb6 17. Qe3 Nbd5 18. Qf3 g6 19. Rac1 Rc8 20. e3 Qe7 21. a4 c5
22. axb5 cxd4 23. Nxd5 Nxd5 24. Nc6 Qd6 25. Nxd4 axb5 26. Rxc8 Rxc8 27. f5 b4
28. h4 Rf8 29. h5 Qe5 30. hxg6 hxg6 31. Kf1 Kg7 32. fxe6 fxe6 33. Nxe6+ Qxe6 34.
Qxd5 Qxe3 35. Qb7+ Kh6 36. Qg2 Qg5 37. Qh3+ Qh5 38. Qe3+ Qg5 39. Qe4 Rf5 40. Rd7
Qh5 41. Qe3+ Qg5 42. Qe4 Qc1+ 43. Ke2 Qxb2+ 44. Kd3 Qc3+ 45. Ke2 Qb2+ 46. Kd1
Qa1+ 47. Ke2 Qb2+ 1/2-1/2

[Event "Titled Tue 10th Jun Early"]
[Site "chess.com INT"]
[Date "2025.06.10"]
[Round "5"]
[White "Gurevich, Dmitry"]
[Black "Raptis, Nick"]
[Result "1-0"]
[WhiteTitle "GM"]
[BlackTitle "FM"]
[WhiteElo "2338"]
[BlackElo "2220"]
[WhiteFideId "2000407"]
[BlackFideId "2016850"]
[EventDate "2025.06.10"]

1. d4 Nf6 2. c4 g6 3. Nc3 d6 4. e4 Bg7 5. Nf3 O-O 6. Be2 e5 7. O-O Nc6 8. d5 Ne7
9. Ne1 Nd7 10. Be3 f5 11. f3 f4 12. Bf2 g5 13. Nb5 b6 14. b4 Ng6 15. a4 a6 16.
Nc3 Rf7 17. Nd3 Bf8 18. a5 Rg7 19. axb6 cxb6 20. Na4 h5 21. c5 b5 22. Nc3 Nf6
23. Nxb5 g4 24. Nxd6 g3 25. Nxc8 gxf2+ 26. Nxf2 Qxc8 27. Kh1 Nh4 28. Rg1 a5 29.
d6 axb4 30. Rxa8 Qxa8 31. Qb3+ Kh7 32. Qxb4 Qa2 33. Qc4 Qd2 34. Qd3 Qb4 35. Nh3
Qxc5 36. g3 Bxd6 37. Rd1 fxg3 38. hxg3 Rxg3 39. Bf1 Rxf3 40. Ng5+ Kh8 41. Nxf3
Qf2 42. Nxh4 Ng4 43. Qh3 Qf4 44. Rxd6 Nf2+ 45. Kg2 Nxh3 46. Ng6+ Kg7 47. Nxf4
Nxf4+ 48. Kf3 Ng6 49. Rxg6+ Kxg6 50. Bg2 Kg5 51. Kg3 Kg6 52. Kh4 Kh6 53. Bf3 1-0

[Event "Titled Tue 10th Jun Early"]
[Site "chess.com INT"]
[Date "2025.06.10"]
[Round "5"]
[White "Galperin, Platon"]
[Black "Kislinsky, Alexey"]
[Result "1-0"]
[WhiteTitle "GM"]
[BlackTitle "GM"]
[WhiteElo "2500"]
[BlackElo "2341"]
[WhiteFideId "14165414"]
[BlackFideId "14108801"]
[EventDate "2025.06.10"]

1. e4 c5 2. Nf3 Nc6 3. Bb5 g6 4. Bxc6 dxc6 5. d3 Bg7 6. h3 b6 7. a4 a5 8. Na3
Ba6 9. e5 Qc7 10. e6 fxe6 11. O-O h6 12. Re1 e5 13. Qe2 g5 14. Bd2 O-O-O 15. Bc3
Nf6 16. Bxe5 Qd7 17. Nd2 Rhg8 18. Nac4 Bxc4 19. Nxc4 Kb7 20. Rad1 Qf5 21. d4
cxd4 22. Bxd4 Nd5 23. Bxb6 Rd7 24. Be3 Ra8 25. Rd3 e5 26. Rb3+ Kc7 27. Bb6+ Kc8
28. Bxa5 Raa7 29. Bb4 Qe6 30. a5 Rab7 31. Bc5 Rb5 32. Rxb5 cxb5 33. Nb6+ Nxb6
34. Bxb6 Qc6 35. Rd1 Bf8 36. Rxd7 Kxd7 37. c3 Bd6 38. Qg4+ Ke7 39. Qf5 e4 40. g3
b4 41. Bd4 Kd8 42. Qf6+ Kc7 43. Bb6+ Kb7 44. Qf7+ Ka6 45. c4 Qxc4 46. Qxc4+ Kb7
47. Qxe4+ Ka6 48. Qc4+ Kb7 49. Qb5 1-0

[Event "Titled Tue 10th Jun Early"]
[Site "chess.com INT"]
[Date "2025.06.10"]
[Round "5"]
[White "Marchesich, Giovanni"]
[Black "Banerjee, Supratit"]
[Result "0-1"]
[WhiteTitle "CM"]
[BlackTitle "FM"]
[WhiteElo "2189"]
[BlackElo "2311"]
[WhiteFideId "2824790"]
[BlackFideId "2410079"]
[EventDate "2025.06.10"]

1. d4 d5 2. Nc3 Nf6 3. Bf4 g6 4. e3 Bg7 5. h4 h5 6. Nf3 O-O 7. Ne5 c5 8. dxc5
Nc6 9. Bb5 Nxe5 10. Bxe5 Be6 11. Qd4 Rc8 12. b4 a5 13. a3 Ne8 14. Bxg7 Nxg7 15.
O-O Nf5 16. Qf4 axb4 17. axb4 b6 18. Na4 bxc5 19. Nxc5 Qb6 20. Bd3 Ng7 21. Ra6
Qb8 22. Qxb8 Rxb8 23. c3 Bf5 24. Bxf5 Nxf5 25. Rfa1 Rbc8 26. Ra7 Kg7 27. g3 e5
28. Rd7 Rfd8 29. Raa7 Nd6 30. Kf1 Kf8 31. Ke2 Ke8 32. Re7+ Kf8 33. Rxe5 Nb5 34.
Rd7 Nxc3+ 35. Kd3 Rxd7 36. Nxd7+ Kg7 37. Nc5 Na2 38. Na6 Nc3 39. Re7 Ne4 40. Rb7
Nxf2+ 41. Kd4 Ne4 42. Kxd5 Nxg3 43. b5 Nf5 44. e4 Nxh4 45. Nc5 Ng2 46. b6 Ne3+
47. Kd4 Nc2+ 48. Kd5 Nb4+ 49. Kd6 Rc6+ 50. Kd7 Rxc5 51. Rc7 Rb5 52. b7 Na6 53.
Kc6 Nxc7 54. Kxc7 Rxb7+ 0-1

[Event "Titled Tue 10th Jun Early"]
[Site "chess.com INT"]
[Date "2025.06.10"]
[Round "5"]
[White "Genkeswaran, Genivan"]
[Black "Risteski, Emil"]
[Result "0-1"]
[WhiteTitle "CM"]
[BlackTitle "IM"]
[WhiteElo "2124"]
[BlackElo "2374"]
[WhiteFideId "5754496"]
[BlackFideId "15005267"]
[EventDate "2025.06.10"]

1. d4 g6 2. c4 Bg7 3. Nc3 c5 4. d5 Bxc3+ 5. bxc3 e5 6. e4 d6 7. Bd3 Qe7 8. Nf3
Kd7 9. Qa4+ Kc7 10. Bd2 b6 11. Rb1 Nf6 12. Qb3 Nbd7 13. a4 a5 14. h3 Ba6 15. Rb2
Rab8 16. Bh6 Rhg8 17. Bg5 Rh8 18. Nd2 h6 19. Be3 Nh5 20. Nb1 Nf4 21. Bxf4 exf4
22. Kd1 Ne5 23. Be2 Qg5 24. Bf1 f5 25. exf5 Qxf5 26. Na3 f3 27. Nb5+ Bxb5 28.
Qxb5 fxg2 29. Bxg2 Qd3+ 30. Rd2 Qxc4 31. Re1 Qxb5 32. axb5 g5 33. Rde2 Rbe8 34.
Kc2 Rhf8 35. Be4 Rf4 36. Bd3 Ref8 37. Rxe5 dxe5 38. Rxe5 Kd6 39. Re6+ Kxd5 40.
Rxb6 c4 41. Be2 Rxf2 42. Kd1 Kc5 43. Rc6+ Kxb5 44. Rxh6 R2f6 45. Rh5 Rd8+ 46.
Ke1 Rd5 47. h4 Re5 48. Kd2 Rd6+ 49. Ke1 Rde6 50. Rxg5 Rxg5 51. hxg5 Rg6 52. Kd2
Rxg5 53. Bf3 Rg3 54. Be4 Ka4 55. Kc2 Re3 56. Bd5 Kb5 57. Bf7 Rg3 58. Be8+ Kc5
59. Bd7 Rg2+ 60. Kc1 Rf2 61. Be6 Re2 62. Bd7 Rh2 63. Be6 a4 64. Kb1 a3 65. Bd7
Rb2+ 66. Ka1 Rb3 67. Ka2 Rxc3 68. Bf5 Kb4 69. Be4 Re3 70. Bb1 Re2+ 71. Ka1 Kc3
72. Ba2 Rh2 73. Bb1 Kd2 74. Bf5 c3 75. Ka2 c2 76. Bxc2 Kxc2 77. Kxa3 Rh4 78. Ka2
Ra4# 0-1

[Event "Titled Tue 10th Jun Early"]
[Site "chess.com INT"]
[Date "2025.06.10"]
[Round "5"]
[White "Horobetz, Graham"]
[Black "Dumanuly, Sultanbeibarys"]
[Result "1-0"]
[BlackTitle "FM"]
[WhiteElo "2250"]
[BlackElo "2212"]
[WhiteFideId "2047322"]
[BlackFideId "13731963"]
[EventDate "2025.06.10"]

1. e4 g6 2. d4 Bg7 3. Nc3 c6 4. h3 d5 5. e5 h5 6. f4 Bf5 7. Bd3 Bxd3 8. Qxd3 e6
9. Nf3 Ne7 10. Ne2 Nd7 11. Be3 Rc8 12. Kf2 c5 13. c3 Nf5 14. g4 Ne7 15. Ng3 h4
16. Ne2 c4 17. Qc2 b5 18. a3 a5 19. Kg2 Nc6 20. f5 gxf5 21. gxf5 Rg8 22. Kh2
Ndxe5 23. dxe5 Nxe5 24. Raf1 Nxf3+ 25. Rxf3 Qd6+ 26. Bf4 e5 27. Re1 exf4 28.
Nd4+ Kd7 29. Nxb5 Qb6 30. Qa4 Qc6 31. Qxa5 Ra8 32. Na7 Qb7 33. Qa4+ Kd8 34. Nc6+
Kc8 35. Ne7+ Kc7 36. Qb4 Rge8 37. Qxb7+ Kxb7 38. Rff1 Bf6 39. Nxd5 Rxe1 40. Rxe1
Bd8 41. Kg2 Bc7 42. Kf3 Bb6 43. Re7+ Kc6 44. Nxb6 Kxb6 45. Rxf7 Rd8 46. f6 Rd2
47. Re7 Rd3+ 48. Kf2 Rd2+ 49. Ke1 Rxb2 50. f7 Rb1+ 51. Kf2 1-0

[Event "Titled Tue 10th Jun Early"]
[Site "chess.com INT"]
[Date "2025.06.10"]
[Round "5"]
[White "Ocampos, Ian"]
[Black "Fernandes, Rogerio Paulo Muller"]
[Result "1-0"]
[WhiteElo "2216"]
[BlackElo "2241"]
[WhiteFideId "117544"]
[BlackFideId "2101599"]
[EventDate "2025.06.10"]

1. e4 e6 2. d3 d5 3. Nd2 c5 4. g3 Bd6 5. f4 Nc6 6. e5 Be7 7. c3 Nh6 8. Ndf3 d4
9. c4 b6 10. Bg2 Bb7 11. Qe2 O-O 12. Nh3 Ng4 13. Nhg5 h6 14. Ne4 f5 15. exf6
Nxf6 16. Nxf6+ Rxf6 17. O-O Bd6 18. Ne5 Bxe5 19. fxe5 Rxf1+ 20. Qxf1 Qc7 21. Qe2
Rf8 22. h4 Nb4 23. Bxb7 Qxb7 24. Bf4 Nc6 25. Rf1 Ne7 26. Qg4 Nf5 27. Kh2 Kh7 28.
h5 Kh8 29. Bd2 Qe7 30. Qe4 Qe8 31. g4 Ne7 32. Rf4 Rxf4 33. Qxf4 Kg8 34. Qe4 Qc6
35. Qf4 a6 36. Kg3 Qe8 37. b3 Qf7 38. Qxf7+ Kxf7 39. Kf4 Nc6 40. Ke4 a5 41. a3
Ke7 42. g5 hxg5 43. Bxg5+ Kf7 44. Bh4 Kg8 45. Bg3 Kh7 46. Bf4 g6 47. h6 Kg8 48.
Bg5 Kh7 49. Kf4 a4 50. bxa4 Na5 51. Bd8 1-0

[Event "Titled Tue 10th Jun Early"]
[Site "chess.com INT"]
[Date "2025.06.10"]
[Round "5"]
[White "Gholami Orimi, Mahdi"]
[Black "Sindarov, Islombek"]
[Result "0-1"]
[WhiteTitle "GM"]
[BlackTitle "CM"]
[WhiteElo "2511"]
[BlackElo "2129"]
[WhiteFideId "12558486"]
[BlackFideId "14205475"]
[EventDate "2025.06.10"]

1. d4 Nf6 2. Nc3 g6 3. e4 d6 4. Bd3 Bg7 5. h4 Nc6 6. Nge2 e5 7. d5 Ne7 8. f3 h5
9. Bg5 Nh7 10. Be3 f5 11. Qd2 f4 12. Bf2 Bh6 13. O-O-O Nf6 14. Kb1 Bd7 15. g3
fxg3 16. Be3 Bxe3 17. Qxe3 c5 18. dxc6 Bxc6 19. f4 Ng4 20. Qxg3 Qc7 21. Bc4 Bd7
22. Bb3 O-O-O 23. fxe5 dxe5 24. Rhf1 Kb8 25. Rf7 Bc6 26. Rdf1 a6 27. Be6 Nh6 28.
Qg5 Nxf7 29. Rxf7 Rhe8 30. a3 Qd6 31. Rf6 Qc5 32. Nc1 Ka7 33. Nb3 Qb6 34. Qxe5
Nc8 35. Rxg6 Nd6 36. a4 Nc4 37. Qg5 Qb4 38. Bxc4 Qxc4 39. Na5 Qf1+ 40. Ka2 Bxe4
41. Nxe4 Rxe4 42. Qc5+ Ka8 43. b3 Re1 44. Qc3 Rc1 45. Rg7 Qe2 46. Kb2 Rxc2+ 47.
Qxc2 Rd2 48. Rg8+ Ka7 49. Rc8 Rxc2+ 50. Rxc2 Qe5+ 51. Ka3 Qxa5 52. Rc4 Qb6 0-1

[Event "Titled Tue 10th Jun Early"]
[Site "chess.com INT"]
[Date "2025.06.10"]
[Round "5"]
[White "Gkavardinas, Antonios"]
[Black "Vasquez Schroeder, Rodrigo"]
[Result "1-0"]
[WhiteTitle "FM"]
[BlackTitle "GM"]
[WhiteElo "2278"]
[BlackElo "2446"]
[WhiteFideId "25883097"]
[BlackFideId "3400042"]
[EventDate "2025.06.10"]

1. b3 d5 2. Bb2 c5 3. f4 Nc6 4. Nf3 f6 5. g3 e6 6. Bg2 Bd6 7. O-O Nge7 8. e3 O-O
9. d3 Nf5 10. Qe2 d4 11. e4 Ne3 12. Rf2 Nxg2 13. Kxg2 b6 14. a4 Bb7 15. Nbd2 Qd7
16. Nc4 Bc7 17. Kg1 a6 18. Rff1 b5 19. Ncd2 f5 20. axb5 axb5 21. Rxa8 Bxa8 22.
Ba3 Bb6 23. Re1 Bb7 24. exf5 exf5 25. Qe6+ Qxe6 26. Rxe6 Ra8 27. Ne5 Rxa3 28.
Nxc6 Bc7 29. Re8+ Kf7 30. Re7+ Kf6 31. Rxc7 Ba8 32. Nf3 Ra1+ 33. Kf2 Rc1 34. Ne1
Rd1 35. Ke2 Ra1 36. Ra7 Rxa7 37. Nxa7 b4 38. Nc8 Ke6 39. Nb6 Bc6 40. Nc4 h6 41.
Nf3 Kf6 42. Nfe5 Be8 43. h4 Ke6 44. Kf2 Bh5 45. Nb6 Bd1 46. Na4 Kd6 47. Nc4+ Kc6
48. Na5+ Kb5 49. Nb7 Bxc2 50. Nbxc5 Bxd3 51. Nxd3 1-0

[Event "Titled Tue 10th Jun Early"]
[Site "chess.com INT"]
[Date "2025.06.10"]
[Round "5"]
[White "Mottola, Max"]
[Black "Grezels, Florian"]
[Result "1-0"]
[BlackTitle "FM"]
[WhiteElo "2247"]
[BlackElo "2306"]
[WhiteFideId "30985862"]
[BlackFideId "20696450"]
[EventDate "2025.06.10"]

1. d4 Nf6 2. Nc3 d5 3. Bf4 g6 4. Nb5 Na6 5. e3 Bg7 6. h3 O-O 7. Nf3 c5 8. c3 Bf5
9. Be2 Qb6 10. O-O c4 11. a4 Qe6 12. g4 Be4 13. Ng5 Qd7 14. f3 h6 15. Nxe4 dxe4
16. Be5 exf3 17. Bxf3 Ne8 18. Bxg7 Nxg7 19. Qe2 Rae8 20. Qxc4 h5 21. Nxa7 Qd6
22. Kg2 h4 23. Kh1 Ne6 24. Bxb7 Ng5 25. Qxa6 Qg3 26. Qe2 Qxh3+ 27. Qh2 Qxe3 28.
Nb5 Kg7 29. Rae1 Qd3 30. Bc6 Rc8 31. d5 e6 32. Qe5+ f6 33. Qe3 Qc2 34. Bd7 Rc4
35. dxe6 h3 36. Rf2 Qxa4 37. e7 Qa8+ 38. Kh2 Re4 39. Qd2 Qb8+ 40. Kh1 Qb7 41.
exf8=Q+ Kxf8 42. Kg1 Kg7 43. Rxe4 Qxe4 44. Qf4 Qe1+ 45. Kh2 f5 46. Qd4+ Kh6 47.
gxf5 Ne4 48. Rc2 Nf2 49. Qxf2 Qe7 50. Qg3 Kg7 51. Rf2 Qd8 52. Qxg6+ Kh8 53. Qh6+
Kg8 54. Be6# 1-0

[Event "Titled Tue 10th Jun Early"]
[Site "chess.com INT"]
[Date "2025.06.10"]
[Round "5"]
[White "Cordoba Roa, Angel Gabriel"]
[Black "Jasinski, Alexander"]
[Result "0-1"]
[WhiteTitle "FM"]
[WhiteElo "2396"]
[BlackElo "1989"]
[WhiteFideId "3957624"]
[BlackFideId "55627994"]
[EventDate "2025.06.10"]

1. e4 c5 2. Nf3 d6 3. d4 cxd4 4. Nxd4 Nf6 5. Nc3 Nc6 6. Bg5 e6 7. Qd3 Be7 8.
O-O-O O-O 9. Ndb5 Qa5 10. f4 Rd8 11. Kb1 a6 12. Nd4 Nxd4 13. Qxd4 e5 14. Qd2
exf4 15. Bc4 Qxg5 16. g3 Qc5 17. Bb3 fxg3 18. Rdg1 Qf2 19. Qg5 Be6 20. Rxg3 Bf8
21. Rhg1 Bxb3 22. axb3 Kh8 23. R3g2 Qf3 24. Rg3 Qf2 25. R3g2 Qd4 26. Qh4 g6 27.
Rd1 Qe5 28. Rg5 Qe6 29. b4 Bg7 30. Nd5 Nxd5 31. Rgxd5 Qf6 32. Qxf6 Bxf6 33. Rxd6
Rxd6 34. Rxd6 Be5 35. Rd7 Bxh2 36. Rxf7 b5 37. b3 Be5 38. c4 bxc4 39. bxc4 Rb8
40. b5 axb5 41. c5 Rc8 42. Re7 Bf4 43. e5 Rxc5 44. e6 Bd6 45. Rd7 Bf8 46. Rd8
Kg7 47. Rd7+ Kg8 48. e7 Bxe7 49. Rxe7 h5 50. Kb2 Rf5 51. Kc3 Rf7 52. Re4 Kg7 53.
Kb4 Rf5 54. Re7+ Kh6 55. Re8 h4 56. Rh8+ Kg5 57. Ka5 Kg4 58. Rg8 g5 59. Rh8 h3
60. Rh7 Kg3 61. Rf7 g4 62. Rxf5 h2 63. Rh5 Kg2 64. Kxb5 h1=Q 65. Rxh1 Kxh1 66.
Kc4 g3 67. Kd3 g2 0-1

[Event "Titled Tue 10th Jun Early"]
[Site "chess.com INT"]
[Date "2025.06.10"]
[Round "5"]
[White "Moosavifar, Seyed Abolfazl"]
[Black "Kravtsiv, Martyn"]
[Result "0-1"]
[WhiteTitle "FM"]
[BlackTitle "GM"]
[WhiteElo "2303"]
[BlackElo "2598"]
[WhiteFideId "42548195"]
[BlackFideId "14113147"]
[EventDate "2025.06.10"]

1. e4 e5 2. Nf3 Nc6 3. Bc4 Nf6 4. d3 Bc5 5. c3 O-O 6. O-O d5 7. exd5 Nxd5 8. Re1
Bg4 9. h3 Bh5 10. Nbd2 Nb6 11. Bb5 Bd6 12. Ne4 f5 13. Ng3 Bxf3 14. Qxf3 Qd7 15.
a4 a6 16. Bxc6 bxc6 17. a5 Nd5 18. Bd2 Rae8 19. Rad1 e4 20. dxe4 fxe4 21. Qh5 g6
22. Qh4 e3 23. fxe3 Qe6 24. e4 Nf4 25. Rf1 Nd3 26. b4 Qe5 27. Bh6 Rxf1+ 28. Nxf1
Qxc3 29. Qg5 Qd4+ 30. Ne3 Qxe4 31. Qg4 Qxg4 32. Nxg4 Nxb4 33. Nf6+ Kf7 34. Nxe8
Kxe8 35. Re1+ Kd7 36. Rf1 Ke6 37. Re1+ Kd5 38. Rf1 Ke6 39. Re1+ Kd5 40. Rf1 c5
41. Rf7 c4 42. Rxh7 c3 43. Rf7 c2 44. Rf1 Nd3 45. Kh1 Ba3 46. Bd2 c5 47. Rf3 c4
48. Rg3 c1=Q+ 49. Bxc1 Bxc1 50. Rxg6 c3 51. Rxa6 c2 52. Ra8 Be3 53. Rc8 Bc5 54.
Rd8+ Kc4 0-1

[Event "Titled Tue 10th Jun Early"]
[Site "chess.com INT"]
[Date "2025.06.10"]
[Round "5"]
[White "So, Wesley"]
[Black "Hayrapetyan, Artavazd R."]
[Result "1-0"]
[WhiteTitle "GM"]
[BlackTitle "FM"]
[WhiteElo "2745"]
[BlackElo "2350"]
[WhiteFideId "5202213"]
[BlackFideId "13304240"]
[EventDate "2025.06.10"]

1. d4 d5 2. c4 e6 3. Nc3 Nf6 4. cxd5 exd5 5. Bg5 c6 6. e3 Be7 7. Bd3 Bg4 8. f3
Bh5 9. Nh3 Bg6 10. Be2 Nh5 11. Bxe7 Qxe7 12. e4 dxe4 13. fxe4 Qh4+ 14. Nf2 Nf4
15. Bf3 Qe7 16. Qd2 Ne6 17. O-O-O Qg5 18. Qxg5 Nxg5 19. h4 Nxf3 20. gxf3 Bh5 21.
Rd3 Nd7 22. Nh3 f6 23. Rg1 O-O 24. Nf4 Bf7 25. h5 Rad8 26. Rd2 Kh8 27. Rdg2 Rg8
28. Ng6+ Bxg6 29. hxg6 h6 30. Ne2 Rge8 31. Ng3 Nf8 32. Nf5 Ne6 33. Rd2 Rd7 34.
Kc2 Kg8 35. a4 a5 36. Kc3 Red8 37. b3 Kf8 38. Rg4 Ng5 39. Rd3 Ne6 40. Rh4 Kg8
41. d5 Kf8 42. d6 Nc7 43. f4 Ne6 44. e5 fxe5 45. fxe5 Kg8 46. Rf3 Re8 47. Rh1
Nf8 48. Re1 Nxg6 49. e6 Rdd8 50. d7 Re7 51. Nxe7+ Nxe7 52. Kd4 Kh7 53. Kc5 Kg6
54. Kd6 Nf5+ 55. Rxf5 Kxf5 56. e7 1-0

[Event "Titled Tue 10th Jun Early"]
[Site "chess.com INT"]
[Date "2025.06.10"]
[Round "5"]
[White "Skliarov, Viktor"]
[Black "Jimenez Salas, Maria Teresa"]
[Result "0-1"]
[WhiteTitle "IM"]
[BlackTitle "WIM"]
[WhiteElo "2334"]
[BlackElo "2170"]
[WhiteFideId "14106736"]
[BlackFideId "3843866"]
[EventDate "2025.06.10"]

1. e4 c5 2. Nf3 Nc6 3. Bb5 e6 4. Bxc6 bxc6 5. d3 Ne7 6. Qe2 d6 7. e5 d5 8. O-O
Ng6 9. c4 Be7 10. Nc3 O-O 11. Na4 Qc7 12. b3 f6 13. Bb2 fxe5 14. Nxe5 Nxe5 15.
Bxe5 Bd6 16. Rae1 Rf5 17. Bxd6 Qxd6 18. Qe3 d4 19. Qe4 Bd7 20. f4 Raf8 21. g3
R8f6 22. Qg2 Be8 23. Re4 e5 24. Rfe1 Re6 25. Qe2 Bg6 26. Rxe5 Rfxe5 27. fxe5 Qe7
28. Kg2 h6 29. h3 Kh7 30. Nb2 Qg5 31. Nd1 Bh5 32. Qe4+ Bg6 33. Qf4 Bxd3 34. Qxg5
hxg5 35. Nb2 Bc2 36. Na4 d3 37. Nc3 Re8 38. Kf2 Kg6 39. Re3 d2 40. Ke2 Rd8 41.
e6 d1=Q+ 42. Nxd1 Bxd1+ 43. Ke1 Bc2 44. e7 Re8 45. g4 Kf7 46. Kd2 Bb1 47. Kc1
Bg6 48. Re5 Rxe7 49. Rxg5 Re3 50. h4 Re1+ 51. Kd2 Ra1 52. a4 Rb1 53. h5 Be4 54.
Rxc5 Rxb3 55. Ra5 Rb7 56. g5 Re7 57. h6 gxh6 58. gxh6 Kg6 59. Rc5 Kxh6 60. Kc3
Kg6 61. Kb4 Kf7 62. Ka5 Ke8 63. Ka6 Kd8 64. a5 Rc7 65. Re5 Bd3 66. Rc5 Kd7 0-1

[Event "Titled Tue 10th Jun Early"]
[Site "chess.com INT"]
[Date "2025.06.10"]
[Round "5"]
[White "Ivashentseva, Dominika"]
[Black "Bratovic, Blaz"]
[Result "1-0"]
[WhiteTitle "WCM"]
[BlackTitle "IM"]
[WhiteElo "1969"]
[BlackElo "2319"]
[WhiteFideId "34331050"]
[BlackFideId "14603551"]
[EventDate "2025.06.10"]

1. d4 f5 2. c4 Nf6 3. Nf3 e6 4. g3 d5 5. Bg2 c6 6. O-O Bd6 7. Qc2 O-O 8. c5 Bc7
9. Nc3 Ne4 10. Nd2 Nd7 11. f3 Nxg3 12. hxg3 Bxg3 13. f4 Rf6 14. Nf3 Rg6 15. Ng5
h6 16. Rf3 Be1 17. Nh3 Qh4 18. Nf2 Nf6 19. Be3 Bxc3 20. Rh3 Qxh3 21. Nxh3 Ba5
22. Rf1 Bd7 23. a3 Rf8 24. b4 Bc7 25. Rf3 Ne4 26. Nf2 Ng3 27. Qd3 Be8 28. Bd2
Ne4 29. Qe3 Rff6 30. Kf1 Nxf2 31. Kxf2 Rg4 32. Bh3 Rh4 33. Bg2 Bh5 34. Rh3 Rxf4+
35. Qxf4 Bxf4 36. Bxf4 Bg4 37. Re3 g5 38. Be5 Rf7 39. Bd6 f4 40. Re5 Bf5 41. Bf3
Kh7 42. Bh5 Bg6 43. Bxg6+ Kxg6 44. Rxe6+ Kf5 45. Rxh6 Kg4 46. Be5 f3 47. e3 Kf5
48. Rh8 g4 49. Rh5+ Ke4 50. Rg5 Rh7 51. Rxg4+ Kd3 52. Kxf3 Rf7+ 53. Rf4 Rh7 54.
Bb8 Rh3+ 55. Kg4 Rh7 56. Bxa7 Rg7+ 57. Kf5 Re7 58. Kf6 Rf7+ 59. Kxf7 Kd2 60. Rf6
Kd3 61. Rd6 Ke2 62. Rd7 Kf3 63. Rxb7 Ke4 64. Rc7 Kxe3 65. Rxc6 Kd3 66. Rd6 Kd2
67. c6 Kd3 68. c7 Kc4 69. c8=Q+ Kb3 70. Qc6 Ka2 71. Qxd5+ Ka1 72. Qg2 Kb1 73.
Rh6 Ka1 74. Rh1# 1-0

[Event "Titled Tue 10th Jun Early"]
[Site "chess.com INT"]
[Date "2025.06.10"]
[Round "5"]
[White "Cuevas Araya, Walter"]
[Black "Fofanov, Ilia"]
[Result "1/2-1/2"]
[WhiteTitle "FM"]
[BlackTitle "CM"]
[WhiteElo "2052"]
[BlackElo "2182"]
[WhiteFideId "3405028"]
[BlackFideId "4158962"]
[EventDate "2025.06.10"]

1. e4 c5 2. d4 cxd4 3. c3 d5 4. exd5 Qxd5 5. cxd4 Nc6 6. Nf3 Bg4 7. Be2 e6 8.
Nc3 Qa5 9. O-O Nf6 10. Be3 Be7 11. h3 Bh5 12. a3 O-O 13. b4 Qd8 14. Ne5 Bxe2 15.
Nxe2 Nxe5 16. dxe5 Nd5 17. Bd4 a5 18. b5 Qd7 19. a4 Rfd8 20. Qb3 Rac8 21. Rfd1
Bb4 22. Bb6 Re8 23. Bd4 Qe7 24. Ng3 Bc3 25. Rab1 Bxd4 26. Rxd4 Rc3 27. Qd1 Qc7
28. Ne4 Qxe5 29. Nxc3 Nxc3 30. Rd8 Kf8 31. Rxe8+ Kxe8 32. Qe1 Qxe1+ 33. Rxe1
Nxa4 34. Ra1 Nc3 35. Rxa5 b6 36. Ra6 Nxb5 37. Rxb6 Nd4 38. Rb7 Nf5 39. g3 Ne7
40. h4 f6 41. Kg2 Kf7 42. Rc7 f5 43. Ra7 Kf6 44. f4 h6 45. Kf2 Nc6 46. Rc7 Ne7
47. Rb7 Nd5 48. Kf3 g5 49. Rh7 Kg6 50. Rd7 g4+ 51. Kf2 h5 52. Rxd5 exd5 53. Ke3
Kf6 54. Kd4 Ke6 55. Kc5 d4 56. Kxd4 Kd6 57. Kc4 Kc6 58. Kd4 Kd6 59. Kc4 Kc6 60.
Kd4 Kd6 1/2-1/2

[Event "Titled Tue 10th Jun Early"]
[Site "chess.com INT"]
[Date "2025.06.10"]
[Round "5"]
[White "Montano Vicente, Guadalupe"]
[Black "Chen, Yidong"]
[Result "0-1"]
[WhiteElo "1938"]
[BlackElo "2074"]
[WhiteFideId "5181399"]
[BlackFideId "8607028"]
[EventDate "2025.06.10"]

1. d4 Nf6 2. c4 g6 3. Nc3 d5 4. Nf3 Bg7 5. Qb3 dxc4 6. Qxc4 Be6 7. Qb5+ Bd7 8.
Qd3 O-O 9. e4 Bg4 10. Be2 c5 11. dxc5 Qxd3 12. Bxd3 Nc6 13. Be3 Nd7 14. Be2
Bxc3+ 15. bxc3 Rfc8 16. Rb1 Rab8 17. Nd2 Bxe2 18. Kxe2 Nd8 19. Rb5 a6 20. Ra5
Ne6 21. Nb3 Rc7 22. Rb1 Rbc8 23. f3 Kf8 24. Bd4 f6 25. g3 Nd8 26. Ra4 e5 27. Be3
Ke7 28. f4 Nc6 29. Nd2 Na7 30. c4 Nc6 31. Ra3 Nd8 32. Rab3 Nxc5 33. Bxc5+ Rxc5
34. fxe5 Rxe5 35. Kd3 Rc7 36. Nf3 Rd7+ 37. Ke3 Ra5 38. R1b2 Ke6 39. Nd4+ Kf7 40.
Rb4 Rc7 41. h4 Rac5 42. a4 Rxc4 43. Rxc4 Rxc4 44. a5 Ra4 45. Rd2 Rxa5 46. Nb3
Ra3 47. Rxd8 Rxb3+ 48. Kf4 a5 49. Rd7+ Ke6 50. Rxh7 a4 51. Rg7 a3 52. Rxg6 a2
53. h5 a1=Q 54. h6 Qc1+ 55. Kg4 Qd1+ 56. Kh4 Qh1+ 57. Kg4 Qh2 58. h7 Rxg3+ 0-1

[Event "Titled Tue 10th Jun Early"]
[Site "chess.com INT"]
[Date "2025.06.10"]
[Round "5"]
[White "Mihajlovskij, Sergei"]
[Black "Birkisson, Bardur Orn"]
[Result "1-0"]
[BlackTitle "FM"]
[WhiteElo "2292"]
[BlackElo "2280"]
[WhiteFideId "13500805"]
[BlackFideId "2310597"]
[EventDate "2025.06.10"]

1. e4 e5 2. Nf3 Nc6 3. Bb5 a6 4. Ba4 Nf6 5. Nc3 b5 6. Bb3 Bc5 7. a4 Rb8 8. O-O
d6 9. h3 O-O 10. d3 h6 11. axb5 axb5 12. Nd5 Nxd5 13. Bxd5 Ne7 14. Bb3 Ng6 15.
Be3 Bxe3 16. fxe3 Bb7 17. Qe1 d5 18. exd5 Bxd5 19. Bxd5 Qxd5 20. e4 Qd6 21. Qc3
Rfe8 22. Kh1 Kh7 23. Nd2 Nf4 24. Nb3 Qg6 25. Qd2 Qg5 26. Qf2 f6 27. Nc5 Nh5 28.
Kh2 Nf4 29. g3 Ng6 30. h4 Qg4 31. Qf5 Qxf5 32. Rxf5 Ne7 33. Rff1 Nc8 34. b4 Nd6
35. Ra7 Re7 36. Rfa1 h5 37. R1a6 Rd8 38. Nb7 Nxb7 39. Rxb7 Rd4 40. Rxb5 Kg6 41.
Rc6 Red7 42. Rb7 Kh6 43. b5 Rd8 44. Rcxc7 Ra8 45. Rxg7 f5 46. Rge7 Rd6 47. Rxe5
Rc8 48. c4 fxe4 49. Rxe4 Kg6 50. Rbe7 Rxd3 51. R4e6+ Kf5 52. Rh6 Rxc4 53. Rxh5+
Kg6 54. Rg5+ Kf6 55. Re2 Rb4 56. Rf2+ Ke6 57. Kh3 Rbb3 58. h5 Rd1 59. h6 Rh1+
60. Rh2 1-0